Formula 1 Tracks by number of corners - Statistics

General Stats
  • This quiz has been taken 29 times
    6 since last reset
  • The average score is 11 of 32
Answer Stats
Question Answer % Correct
Jeddah Corniche Circuit (Saudi Arabia) 19-
80%
Circuit de Catalunya (Spain) 1-14
60%
Hungaroring (Hungary) 1-14
60%
Autodromo Nazionale di Monza (Italy) 1-14
60%
Red Bull Ring (Austria) 1-14
60%
Lusail International Circuit (Qatar) 15-16
60%
Autódromo Internacional do Algarve (Portugal) 15-16
60%
Bahrain International Circuit (Bahrain) 15-16
60%
Yas Marina Circuit (Abu Dhabi) 15-16
60%
Silverstone Circuit (Britain) 17-18
60%
Circuit of the Americas (United States) 19-
60%
Circuit Gilles Villeneuve (Canada) 1-14
40%
Circuit Paul Ricard (France) 15-16
40%
Autodromo internazionale del Mugello (Tuscany) 15-16
40%
Shanghai International Circuit (China) 15-16
40%
Circuit de Monaco (Monaco) 19-
40%
Circuit de Spa Francorchamps (Belgium) 19-
40%
Istanbul Park (Turkey) 1-14
20%
Albert Park (Australia) 1-14
20%
Autodromo José Carlos Pace (Sao Paulo) 15-16
20%
Nürburgring (Eifel) 15-16
20%
Autódromo Hermanos Rodríguez (Mexico City) 17-18
20%
Sochi International Street Circuit (Russia) 17-18
20%
Suzuka International Racing Course (Japan) 17-18
20%
Baku Street Circuit (Azerbaijan) 19-
20%
Autodromo Internazionale Enzo e Dino Ferrari (Emilia-Romagna) 19-
20%
Marina Bay Street Circuit (Singapore) 19-
20%
Circuit Park Zandvoort (Netherlands) 1-14
0%
Sepang International Circuit (Malaysia) 15-16
0%
Hockenheimring (Germany) 17-18
0%
Las Vegas Strip Circuit (Las Vegas) 17-18
0%
Miami International Autodrome (Miami) 19-
0%
No matching quizzes found
Score Distribution
Percent of People with Each Score
Percentile by Number Answered
Your Score History
You have not taken this quiz since the last reset